00302nam a2200121Ia 4500008004100000100002000041245004600061260003100107300000800138650001000146942000700156999001700163190216s9999||||xx |||||||||||||| ||und|| aGurcharan Singh 0aHindi-Ghushabu Parchai Aur Devendra Issar bHimavhal Book Centrec2008 a196 aHindi cBK c16576d16576